Tiếng Pháp 10 : Sách giáo khoa thí điểm biên soạn theo chương trình thí điểm Trung học phổ thông được Bộ Giáo dục và Đào tạo ban hành kèm theo quyết định số 47/2002/QĐ-BGD&ĐT ngày 19/11/2002 của Bộ trưởng Bộ Giáo dục và Đào tạo /
Đã lưu trong:
| Hovedforfatter: | |
|---|---|
| Andre forfattere: | , |
| Format: | Sách giấy |
| Sprog: | Vietnamese French |
| Udgivet: |
H. :
Giáo dục,
2003.
|
| Serier: | Sách giáo khoa thí điểm
|
| Fag: | |
| Tags: |
Tilføj Tag
Ingen Tags, Vær først til at tagge denne postø!
|
| Thư viện lưu trữ: | Thư viện Trường Đại học Đà Lạt |
|---|
| LEADER | 01082nam a2200325 4500 | ||
|---|---|---|---|
| 001 | DLU120133227 | ||
| 005 | ##20120404 | ||
| 040 | # | # | |a DLU |b vie |
| 041 | # | # | |a vie |a fre |
| 044 | # | # | |a vn |
| 082 | # | # | |a 424 |b NG-M |
| 100 | # | # | |a Nguyễn Văn Mạnh. |
| 245 | # | # | |a Tiếng Pháp 10 : |b Sách giáo khoa thí điểm biên soạn theo chương trình thí điểm Trung học phổ thông được Bộ Giáo dục và Đào tạo ban hành kèm theo quyết định số 47/2002/QĐ-BGD&ĐT ngày 19/11/2002 của Bộ trưởng Bộ Giáo dục và Đào tạo / |c Nguyễn Văn Mạnh, Nguyễn Văn Bích, Đào Thế Lân. |
| 260 | # | # | |a H. : |b Giáo dục, |c 2003. |
| 300 | # | # | |a 156 tr. ; |c 24 cm. |
| 490 | # | # | |a Sách giáo khoa thí điểm |
| 650 | # | # | |a Tiếng Pháp. |
| 700 | # | # | |a Đào Thế Lân. |
| 700 | # | # | |a Nguyễn Văn Bích. |
| 923 | # | # | |a 01/2012SP |
| 991 | # | # | |a GT |
| 992 | # | # | |a 0 |
| 994 | # | # | |a KSP |
| 900 | # | # | |a True |
| 911 | # | # | |a Nguyễn Thanh Hương |
| 925 | # | # | |a G |
| 926 | # | # | |a A |
| 927 | # | # | |a SH |
| 980 | # | # | |a Thư viện Trường Đại học Đà Lạt |